Estadísticas para Personajes Aquí no hay quien viva

Haz click aquí para intentar la prueba.

Estadísticas generales

  • Esta prueba ha sido intentada 129 veces
  • La puntuación promedio es 21 de 30

Estadísticas de respuestas

PersonajeApellido% Correcto
JuanCuesta
99%
BelenLópez
95%
ConchaDe la fuente
93%
EmilioDelgado
93%
LuciaÁlvarez
93%
MauricioHidalgo
93%
MarisaBenito
91%
Jose MiguelCuesta
89%
VicentaBenito
88%
NataliaCuesta
86%
AndrésGuerra
85%
PalomaHurtado
84%
IsabelRuiz
83%
RobertoAlonso
83%
AliciaSanz
80%
MarianoDelgado
80%
BeaVillarejo
77%
PabloGuerra
77%
FernandoNavarro
74%
AlexGuerra
67%
Paco?
61%
Ana?
55%
NievesCuesta
54%
HiginioHederia
52%
María JesúsVázquez
49%
MamenHeredia
45%
ValentínBenito
37%
MonchoHederia
36%
Yago?
29%
SalvadorVillarejo
12%

Distribución de puntuación

Porcentaje por número respondido

Porcentaje de gente con cada puntuación

Historial de tus puntuaciones

No has intentado esta prueba.